| 000 | 006740000a22001930004500 | ||
|---|---|---|---|
| 090 |
_aAR _b02871 |
||
| 245 | 1 | 0 | _aOpen corridors appear to facilitate dispersal by ringlet butterflies (<Aphantopus hyperantus>) between woodland clearings |
| 650 | 1 | 4 |
_aEntomología _94483 |
| 650 | 1 | 4 |
_aMovilidad animal _996238 |
| 650 | 1 | 4 |
_aCorredores ecológicos _975249 |
| 650 | 1 | 4 |
_aBiología de la conservación _93740 |
| 651 | 4 |
_pInglaterra _992749 |
|
| 653 |
_gAphantopus _eAphantopus hyperantus |
||
| 041 | 0 | _aInglés | |
| 700 | 1 |
_aThomas, Chris D. _996297 |
|
| 100 | 1 |
_aSutcliffe, Odette L. _996346 |
|
| 942 | _cARTICULO | ||
| 773 | 1 |
_tConservation Biology _324 _h5 _q1359-1365 _d1996 _g10 |
|
| 999 |
_c11931 _d11931 |
||